| 000 | 00827nam a2200253Ia 4500 | ||
|---|---|---|---|
| 003 | OSt | ||
| 005 | 20221005112211.0 | ||
| 006 | a|||||r|||| 00| 0 | ||
| 007 | ta | ||
| 008 | 221004b |||||||| |||| 00| 0 pan d | ||
| 020 | _c150 | ||
| 024 | _a2534 | ||
| 037 |
_b700, 21/01/2013, Bright Book Service _cTextual |
||
| 040 |
_aCRL _cCRL _bpan |
||
| 041 |
_2pan _apan |
||
| 082 | _aO153,2x, Q1 | ||
| 100 | _aਧਾਲੀਵਾਲ, ਕੇਵਲ | ||
| 245 | 0 | _aਗੋਦ ਲਏ ਨਾਟਕ | |
| 260 |
_aਅੰਮ੍ਰਿਤਸਰ _bਮੰਚ ਰੰਗਮੰਚ ਭਾਰਤ _c2011 |
||
| 300 |
_a246ਪੰ _ccm. |
||
| 650 | _aਪੰਜਾਬੀ ਸਾਹਿਤ | ||
| 942 |
_hO153,2x, Q1 _cTEXL _2cc |
||
| 999 |
_c1024168 _d1024168 |
||